zpět

Detail výsledku týmu

Bar 22, Choceň

Datum a čas kvízu

19 Celkem bodů Celkový počet nahraných bodů na tomto kvízu bez doplňovacích otázek.
8. Pořadí na kvízu Konečné umístění týmu na tomto kvízu.

Zaznamenané odpovědi

# Otázka Odpověď Body Výsledky
1. Který 63letý muž se ve čtvrtek... Jiří Kajínek 1
2. Vědci představili revoluční zp... hlavy 1
3. Která hollywoodská herečka si... Scarlett Johansson 0
4. V pondělí se podíval do vesmír... nejstarší člověk ve vesmíru 0
5. „Bohužel nemám dobré zprávy. K... Patrik Kincl 0
6. Jak se nazývají dva nejdůležit... Franská říše, Byzantská (Východořímská) říše 0
7. Jak se jmenoval významný střed... Magna Carta (Magna charta libertatum) 0
8. Na fotografii vidíme sochu prv... Arnošt z Pardubic 0
9. Vytvořte z těchto středověkých... 1B 2A 3D 4C 0
10. Závěrem tématu se podíváme na... tulipán 1